Learning Resource and Development

Ferdinand Magellan (Record no. 6908)

MARC details
000 -LEADER
fixed length control field 00970nam a22002897a 4500
005 - DATE AND TIME OF LATEST TRANSACTION
control field 20230512222845.0
008 - FIXED-LENGTH DATA ELEMENTS--GENERAL INFORMATION
fixed length control field 190228t xxu||||| |||| 00| 0 eng d
020 ## - INTERNATIONAL STANDARD BOOK NUMBER
International Standard Book Number 9786219540407
040 ## - CATALOGING SOURCE
Transcribing agency CSPC
082 0# - DEWEY DECIMAL CLASSIFICATION NUMBER
Classification number 910.4
Item number G319f
100 ## - MAIN ENTRY--PERSONAL NAME
Personal name Gerona, Danilo Madrid
Relator term author.
245 00 - TITLE STATEMENT
Title Ferdinand Magellan
Remainder of title the armada de maluco and the European discovery of the Philippines/
Statement of responsibility, etc. Danilo Madrid Gerona
260 ## - PUBLICATION, DISTRIBUTION, ETC.
Place of publication, distribution, etc. Philippines:
Name of publisher, distributor, etc. Spanish Galleon Publisher,
Date of publication, distribution, etc. 2016.
300 ## - PHYSICAL DESCRIPTION
Extent viii, 503 pages:
Other physical details images;
Dimensions 21 cm.
336 ## - CONTENT TYPE
Source rdacontent
Content type term text
337 ## - MEDIA TYPE
Source rdamedia
Media type term unmediated
338 ## - CARRIER TYPE
Source rdacarrier
Carrier type term volume
504 ## - BIBLIOGRAPHY, ETC. NOTE
Bibliography, etc. note Includes Bibliography pages (459-498).
650 10 - SUBJECT ADDED ENTRY--TOPICAL TERM
Topical term or geographic name entry element Philippines.
650 10 - SUBJECT ADDED ENTRY--TOPICAL TERM
Topical term or geographic name entry element Discovery and exploration.
650 10 - SUBJECT ADDED ENTRY--TOPICAL TERM
Topical term or geographic name entry element Spanish.
650 10 - SUBJECT ADDED ENTRY--TOPICAL TERM
Topical term or geographic name entry element Magellan, Ferdinand
General subdivision 1521.
940 ## - EQUIVALENCE OR CROSS-REFERENCE--UNIFORM TITLE [OBSOLETE] [CAN/MARC only]
Uniform title <a href="Lenie">Lenie</a>
942 ## - ADDED ENTRY ELEMENTS (KOHA)
Koha item type
-- FIL 910.4 G319f 2016
Holdings
Withdrawn status Lost status Damaged status Not for loan Home library Current library Shelving location Date acquired Total Checkouts Full call number Barcode Date last seen Copy number Price effective from Koha item type Date last checked out
        Main Library Main Library Filipiniana Section 05/12/2023   FIL 910.4 G319f 2016 019835 05/12/2023 3-3 05/12/2023 Books  
        Main Library Main Library Filipiniana Section 05/12/2023   FIL 910.4 G319f 2016 019833 05/12/2023 1-3 05/12/2023 Books  
        Main Library Main Library Filipiniana Section 05/12/2023 1 FIL 910.4 G319f 2016 019834 11/13/2024 2-3 05/12/2023 Books 10/02/2024